<?xml version="1.0" encoding="UTF-8"?><?xml-stylesheet type="text/xsl" href="static/style.xsl"?><OAI-PMH xmlns="http://www.openarchives.org/OAI/2.0/" xmlns:xsi="http://www.w3.org/2001/XMLSchema-instance" xsi:schemaLocation="http://www.openarchives.org/OAI/2.0/ http://www.openarchives.org/OAI/2.0/OAI-PMH.xsd"><responseDate>2026-04-17T03:14:53Z</responseDate><request verb="GetRecord" identifier="oai:www.recercat.cat:2072/476057" metadataPrefix="marc">https://recercat.cat/oai/request</request><GetRecord><record><header><identifier>oai:recercat.cat:2072/476057</identifier><datestamp>2025-07-29T22:59:10Z</datestamp><setSpec>com_2072_98</setSpec><setSpec>col_2072_378192</setSpec></header><metadata><record xmlns="http://www.loc.gov/MARC21/slim" xmlns:dcterms="http://purl.org/dc/terms/" xmlns:xsi="http://www.w3.org/2001/XMLSchema-instance" xmlns:doc="http://www.lyncode.com/xoai" xsi:schemaLocation="http://www.loc.gov/MARC21/slim http://www.loc.gov/standards/marcxml/schema/MARC21slim.xsd">
   <leader>00925njm 22002777a 4500</leader>
   <datafield ind2=" " ind1=" " tag="042">
      <subfield code="a">dc</subfield>
   </datafield>
   <datafield ind2=" " ind1=" " tag="720">
      <subfield code="a">Molina, José Luis</subfield>
      <subfield code="e">author</subfield>
   </datafield>
   <datafield ind2=" " ind1=" " tag="260">
      <subfield code="c">2024</subfield>
   </datafield>
   <datafield ind2=" " ind1=" " tag="520">
      <subfield code="a">Altres ajuts:reseña realizada en el contexto de la ayuda PRX22/00088 (Estancias de personal docente y/o investigador senior en centros extranjeros 2022), Ministerio de Ciencia, Innovación y Universidades</subfield>
   </datafield>
   <datafield ind2=" " ind1=" " tag="520">
      <subfield code="a">Obra ressenyada: Michel GROSSETTI , Matière sociale. Esquisse d'une ontologie pour les sciences sociales. Hermann Éditeurs: PARIS, 2022. EAN: 9791037013507.</subfield>
   </datafield>
   <datafield ind2=" " ind1=" " tag="520">
      <subfield code="a">El libro de Michel Grossetti analiza las formas elementales de lo social: entidades, actividades, procesos y relaciones. En el nivel colectivo, examina las esferas de actividad, las redes sociales y su dimensión espacial. También examina las regularidades sociales, la causalidad en las ciencias sociales y los procesos históricos de los fenómenos sociales.</subfield>
   </datafield>
   <datafield ind2=" " ind1=" " tag="520">
      <subfield code="a">Michel Grossetti's book analyzes the elementary forms of the social: entities, activities, processes and relationships. At the collective level, it examines spheres of activity, social networks and their spatial dimension. It also examines social regularities, causality in the social sciences, and the historical processes of social phenomena.</subfield>
   </datafield>
   <datafield ind2=" " ind1=" " tag="520">
      <subfield code="a">Le livre de Michel Grossetti analyse les formes élémentaires du social : entités, activités, processus et relations. Au niveau collectif, il interroge les sphères d'activité, les réseaux sociaux et leur dimension spatiale. Il examine également les régularités sociales, la causalité dans les sciences sociales et les processus historiques des phénomènes sociaux.</subfield>
   </datafield>
   <datafield ind2=" " ind1=" " tag="520">
      <subfield code="a">O livro de Michel Grossetti analisa as formas elementares do social: entidades, atividades, processos e relações. No nível coletivo, examina as esferas de atuação, as redes sociais e sua dimensão espacial. Também examina as regularidades sociais, a causalidade nas ciências sociais e os processos históricos dos fenômenos sociais.</subfield>
   </datafield>
   <datafield tag="653" ind2=" " ind1=" ">
      <subfield code="a">Entidades</subfield>
   </datafield>
   <datafield tag="653" ind2=" " ind1=" ">
      <subfield code="a">Actividades</subfield>
   </datafield>
   <datafield tag="653" ind2=" " ind1=" ">
      <subfield code="a">Procesos</subfield>
   </datafield>
   <datafield tag="653" ind2=" " ind1=" ">
      <subfield code="a">Redes</subfield>
   </datafield>
   <datafield tag="653" ind2=" " ind1=" ">
      <subfield code="a">Entities</subfield>
   </datafield>
   <datafield tag="653" ind2=" " ind1=" ">
      <subfield code="a">Activities</subfield>
   </datafield>
   <datafield tag="653" ind2=" " ind1=" ">
      <subfield code="a">Processes</subfield>
   </datafield>
   <datafield tag="653" ind2=" " ind1=" ">
      <subfield code="a">Networks</subfield>
   </datafield>
   <datafield tag="653" ind2=" " ind1=" ">
      <subfield code="a">Entités</subfield>
   </datafield>
   <datafield tag="653" ind2=" " ind1=" ">
      <subfield code="a">Activités</subfield>
   </datafield>
   <datafield tag="653" ind2=" " ind1=" ">
      <subfield code="a">Processus</subfield>
   </datafield>
   <datafield tag="653" ind2=" " ind1=" ">
      <subfield code="a">Reseaux</subfield>
   </datafield>
   <datafield tag="653" ind2=" " ind1=" ">
      <subfield code="a">Atividades</subfield>
   </datafield>
   <datafield tag="653" ind2=" " ind1=" ">
      <subfield code="a">Processos</subfield>
   </datafield>
   <datafield ind2="0" ind1="0" tag="245">
      <subfield code="a">La materia social</subfield>
   </datafield>
</record></metadata></record></GetRecord></OAI-PMH>